Quiz sull'Iran - Statistics

Statistiche generali
  • Questo quiz è stato fatto 753 volte
    745 dall'ultimo reset
  • Il punteggio medio è 10 su 20
Statistiche sulle risposte
Hint Risposta % Corretto
Capitale Teheran
96%
Mare che confina con l'Iran verso il nord Mar {Caspio}
77%
Esportazione più importante Petrolio
76%
Paese contro il quale l'Iran ha combattuto una guerra terribile dal 1980-1988 Iraq
75%
Lingua ufficiale Persiano
73%
Ramo ufficiale dell'Islam Sciita
66%
Re dell'antica Persia chiamato "Il Grande" Ciro
54%
Re dell'antica Persia chiamati "I Grandi" Dario
53%
L'Iran è l'unico paese non africano con una popolazione nativa di questo grande felino Ghepardo
53%
Titolo religioso di cui sopra Ayatollah
50%
Titolo del sovrano iraniano che è stato rovesciato nel 1979 Scià
50%
Leader della rivoluzione del 1979 Ruhollah Khomeini
48%
Re dell'antica Persia chiamati "I Grandi" Serse
46%
La maggior parte dell'Iran si trova in questa regione {Altopiano} Iraniano
37%
Profeta chiamato anche Zarathustra Zoroastro
37%
Come quel leader chiamava gli Stati Uniti Il Grande {Satana}
31%
Valuta dell'Iran Rial
31%
Stretto tra il Golfo Persico e Golfo di Oman Stretto di {Hormuz}
30%
Sport nazionale Lotta libera
24%
Catena montuosa che inizia con Z Zagros
22%
Nessun quiz corrispondente trovato
Distribuzione punteggi
Percentuale di utenti per punteggio
Percentile per numero di risposta
I tuoi punteggi nel tempo
Non hai fatto questo quiz dall'ultimo reset